Policies and procedures to prevent fraud and embezzlement : guidance, internal controls, and investigation /

Bibliographic Details
Main Author: McMillan, Edward J., 1949-
Format: Book
Language:English
Published: Hoboken N.J. : John Wiley & Sons, [2006]
Subjects:

MARC

Tag First Indicator Second Indicator Subfields
LEADER 00000cam a22000004a 4500
001 in00002123821
005 20151103064849.0
008 051207s2006 njuak 001 0 eng
010 |a  2005046646 
020 |a 0471790036 (pbk.) 
024 3 |a 9780471790037 
035 |a (OCoLC)ocm62732714 
040 |a DLC  |c DLC  |d TXA  |d UtOrBLW 
042 |a pcc 
049 |a TXAM 
050 0 0 |a HF5668.25  |b .M432 2006 
082 0 0 |a 658.4/73  |2 22 
100 1 |a McMillan, Edward J.,  |d 1949- 
245 1 0 |a Policies and procedures to prevent fraud and embezzlement :  |b guidance, internal controls, and investigation /  |c Edward J. McMillan. 
246 1 4 |a Policies & procedures to prevent fraud and embezzlement 
264 1 |a Hoboken N.J. :  |b John Wiley & Sons,  |c [2006] 
264 4 |c ©2006 
300 |a xvii, 308 pages :  |b illustrations, forms ;  |c 28 cm. 
336 |a text  |b txt  |2 rdacontent 
337 |a unmediated  |b n  |2 rdamedia 
338 |a volume  |b nc  |2 rdacarrier 
500 |a Includes index. 
505 0 |a Embezzlement: who does it and when -- Statement of auditing standard no. 99, consideration of fraud in a financial statement audit" -- Essential internal control and administrative procedures to avoid embezzlement -- Clever examples of embezzlement -- Steps to take if you have been victimized by fraud -- Identity theft -- Internal control analysis, documentation, and recommendations for improvement. 
650 0 |a Auditing, Internal. 
650 0 |a Fraud  |x Prevention. 
650 0 |a Embezzlement  |x Prevention. 
650 0 |a Small business  |x Management. 
948 |a cataloged  |b h  |c 2006/6/1  |d c  |e dmitchel  |f 3:50:30 pm 
994 |a C0  |b TXA 
999 |a MARS 
999 f f |s b7de33aa-2fea-33d7-9884-5674f92eef00  |i 03b16621-1cc0-3b9c-a1e1-669d739c08ce  |t 0 
952 f f |p ric  |a Texas A&M University  |b Rellis Campus  |c Joint Library Facility  |d Remote Storage  |t 0  |e HF5668.25 .M432 2006  |h Library of Congress classification  |i unmediated -- volume  |m A14833213639 
998 f f |a HF5668.25 .M432 2006  |t 0  |l Remote Storage